ბათუმის შოთა რუსთაველის სახელმწიფო უნივერსიტეტის ბიბლიოთეკა

ლითონსაჭრელი ჩარხების ძალური გაანგარიშების საფუძვლები : დამხმ. სახელმძღვ. / (ბიბ.ჩანაწერი № 39872)

000 -ლიდერი
ფიქსირებული სიგრძის საკონტროლო ველი 01273nam a2200253Ia 4500
001 - საკონტროლო ნომერი
საკონტროლო ველი 6477
003 - საკონტროლო ნომრის იდენტიფიკატორი
საკონტროლო ველი GE_BSU
005 - ბოლო ოპერაციის თარიღი და დრო
საკონტროლო ველი 20190701143215.0
008 - ფიქსირებული სიგრძის მონაცემთა ელემენტები - ზოგადი ინფორმაცია
ფიქსირებული სიგრძის საკონტროლო ველი 181216s1983||||ge |||||||||||||| ||geo||
041 ## - ენის კოდი
Language code of text/sound track or separate title geo
080 ## - უნივერსალური ათობითი კლასიფიკაციის ინდექსი
Universal Decimal Classification number 621.91(075.8) ლ-59
245 ## - ცნობა სათაურის შესახებ
Title ლითონსაჭრელი ჩარხების ძალური გაანგარიშების საფუძვლები : დამხმ. სახელმძღვ. /
Statement of responsibility, etc გ. ჩიხლაძე ; ლ. გოგავა ; რ. გოგიტიშვილი ; კ. ნუცუბიძე ; რედ : ე. გიორგაძე .
264 ## - წარმოების, გამოცემის, დისტრიბუციის და სხვა ცნობები
გამოცემის, წარმოების, დისტრიბუციის... ადგილი თბილისი :
გამოცემის, წარმოების, დისტრიბუციის... სახელწოდება სპი,
გამოცემის, წარმოების, დისტრიბუციის... თარიღი 1983.
300 ## - ფიზიკური აღწერა
Extent 116 გვ .:
Dimensions 20 სმ.
504 ## - BIBLIOGRAPHY, ETC. NOTE
Bibliography, etc ბიბლიოგრ.:გვ.113.
653 ## - INDEX TERM--UNCONTROLLED
Uncontrolled term ლითონსაჭრელი ჩარხების ძალური გაანგარიშება
653 ## - INDEX TERM--UNCONTROLLED
Uncontrolled term ტექნიკა
700 ## - ADDED ENTRY--PERSONAL NAME
Personal name ჩიხლაძე, გ.
9 (RLIN) 1385
700 ## - ADDED ENTRY--PERSONAL NAME
Personal name გოგავა, ლ
9 (RLIN) 3123
700 ## - ADDED ENTRY--PERSONAL NAME
Personal name გოგიტიშვილი ,რ
9 (RLIN) 3124
700 ## - ADDED ENTRY--PERSONAL NAME
Personal name ნუცუბიძე, კ
9 (RLIN) 3125
700 ## - ADDED ENTRY--PERSONAL NAME
Personal name გიორგაძე,ე
Relator term რედაქტორი
9 (RLIN) 3126
942 ## - ADDED ENTRY ELEMENTS (KOHA)
Koha item type წიგნი
Source of classification or shelving scheme
ეგზემპლარები
ჩამოწერის სტატუსი დაკარგული ეგზემპლარის სტატუსი კლასიფიკაციის წყარო ან თაროზე გაწყობის სქემა დაზიანების სტატუსი არ გაიცემა მუდმივი მდებარეობა (დაცვის ადგილი) ამჟამინდელი ადგილსამყოფელი თაროზე განთავსების ადგილი შეძენის თარიღი ღირებულება, შესყიდვის ნორმალური ფასი სრული შენახვის შიფრი შტრიხკოდი ბოლო ოპერაციის თარიღი ეგზემპლარის მიმდევრობითი ნომერი (კეტერი?) ფასის ძალაში შესვლის თარიღი ეგზემპლარის სახეობა საჯარო შენიშვნა
          ტექნოლოგიური ფაკულტეტის ბიბლიოთეკა ტექნოლოგიური ფაკულტეტის ბიბლიოთეკა წიგნსაცავი 2018-12-17 0.00 621.91(075.8) ლ-59 11167 2018-12-17 11167 2018-12-17 წიგნი 0,40 თ.
          ტექნოლოგიური ფაკულტეტის ბიბლიოთეკა ტექნოლოგიური ფაკულტეტის ბიბლიოთეკა წიგნსაცავი 2018-12-17 0.00 621.91(075.8) ლ-59 11168 2018-12-17 11168 2018-12-17 წიგნი 0,40 თ.
          ტექნოლოგიური ფაკულტეტის ბიბლიოთეკა ტექნოლოგიური ფაკულტეტის ბიბლიოთეკა წიგნსაცავი 2018-12-17 0.00 621.91(075.8) ლ-59 11169 2018-12-17 11169 2018-12-17 წიგნი 0,40 თ.